[Event "FRA-ch U12"]
[Site "Calvi"]
[Date "2005.04.23"]
[Round "8"]
[White "Samoun, Florent"]
[Black "Joudelat, David"]
[Result "0-1"]
[WhiteElo "1870"]
[BlackElo "1760"]
[PlyCount "104"]
[EventDate "2005.04.??"]
[EventType "swiss"]
[EventRounds "9"]
[EventCountry "FRA"]
[SourceTitle "EXT 2006"]
[Source "ChessBase"]
[SourceDate "2005.11.24"]
[SourceVersion "1"]
[SourceVersionDate "2005.11.24"]
[SourceQuality "1"]

1. e4 c6 2. d4 d5 3. exd5 cxd5 4. Bd3 Nc6 5. c3 Qc7 6. h3 g6 7. Nf3 Bg7 8. 0-0 Nh6 9. Re1 Bf5 10. Na3 a6 11. Nc2 Bxd3 12. Qxd3 f6 13. Ne3 Rd8 14. c4 dxc4 15. Qxc4 b5 16. Qc5 Qd6 17. Qxd6 Rxd6 18. d5 Nb4 19. Nd4 Kf7 20. Ne6 Re8 21. Rd1 Rc8 22. Nxg7 Kxg7 23. b3 Nf5 24. Nxf5+ gxf5 25. Ba3 a5 26. Bxb4 axb4 27. Re1 Kf7 28. a4 bxa3 29. Rxa3 Rxd5 30. Ra5 Rc3 31. Rb1 Ke6 32. Re1+ Kf7 33. Rb1 Ke8 34. Ra8+ Rd8 35. Ra5 Rb8 36. Kf1 Kd7 37. Ke2 Rc2+ 38. Kf3 Rbc8 39. Kg3 R8c3+ 40. f3 f4+ 41. Kxf4 Rxg2 42. Rd1+ Kc6 43. Ra6+ Kc5 44. Ra7 Rf2 45. Rc7+ Kb4 46. Rd4+ Kxb3 47. Rxe7 Rfxf3+ 48. Kg4 Rg3+ 49. Kf5 Rcf3+ 50. Ke6 Re3+ 51. Kf7 Rxe7+ 52. Kxe7 Rxh3 0-1